000 00407nam a2200157Ia 4500
008 221030s9999 xx 000 0 und d
020 _a8122413463
041 _aEnglish
082 _a105.23
_bKum
100 _aV. Kumar
245 0 _aDigital Electronics Theory & Experiments
_cby V. Kumar
260 _bNew Age International Ltd.
_aNew Delhi
_c2002
300 _a304
650 _aBE Computer
942 _cBK
999 _c3298
_d3298